00402nam a22001217a 4500020001500000082001600015100003800031245007900069260004800148300002700196490001500223650004200238 a955590023X a615.321 ARA aArambewela, LakshmiaSilva,Ruwini aSri lanken Medicinal plant Monograph & Analysis Vol-5 :Cassia Angustifolia aColombo bNational science foundationc1999 a22pbHard Binded Cover aVolume - 5 aChemistryaMedicinal plantsaBotany,